000 00356cam a2200157ua 4500
041 _aeng
_h
082 _a536
_bDAV/HE
100 _aDavies, W G .
245 _aHeat /
_cW G Davies.
_hTextual Documents
250 _a1 /
_b.
260 _aLondon :
_bBlackie & Son Ltd ,
_c1966.
300 _a204 ; .
504 _a
942 _cBK
999 _c8828
_d8828